उदारीकरण का च्यवनप्राश / (Record no. 121014)

MARC details
000 -LEADER
fixed length control field 01119nam a22002537a 4500
005 - DATE AND TIME OF LATEST TRANSACTION
control field 20181105125428.0
010 ## - LCCN (DPL NO)
LC control number B-188084
020 ## - INTERNATIONAL STANDARD BOOK NUMBER
Terms of availability 125.00
International Standard Book Number 8188267392
035 ## - SYSTEM CONTROL NUMBER
System control number B-188084, B-188089 B-188117
037 ## - SOURCE OF ACQUISITION
Source of stock number/acquisition Cen Lib/Ret
082 ## - DEWEY DECIMAL CLASSIFICATION NUMBER
Classification number 827
Item number जैनशि
100 ## - MAIN ENTRY--PERSONAL NAME
Personal name जैन, शिखर चंद्र
245 ## - TITLE STATEMENT
Title उदारीकरण का च्यवनप्राश /
Statement of responsibility, etc शिखर चंद्र जैन
246 ## - VARYING FORM OF TITLE
Title proper/short title Udarikaran ka chyavanprash /
Remainder of title by Shikhar Chandra Jain
260 ## - PUBLICATION, DISTRIBUTION, ETC. (IMPRINT)
Place of publication, distribution, etc नई दिल्ली
Name of publisher, distributor, etc ग्रन्थ अकादेमी
Date of publication, distribution, etc 2005
270 ## - ADDRESS
Address 1659 पुराना दरियागंज
City नई दिल्ली
Postal code 110002
300 ## - PHYSICAL DESCRIPTION
Extent 110पृ.
Dimensions 21सेमी(सजिल्द)
500 ## - GENERAL NOTE
General note अनुक्रमणिका शामिल
650 ## - SUBJECT ADDED ENTRY--TOPICAL TERM
Topical term or geographic name as entry element हिंदी साहित्य
650 ## - SUBJECT ADDED ENTRY--TOPICAL TERM
Topical term or geographic name as entry element हिंदी व्यंग्य--प्रधान निबंध
650 ## - SUBJECT ADDED ENTRY--TOPICAL TERM
Topical term or geographic name as entry element Hindi literature
650 ## - SUBJECT ADDED ENTRY--TOPICAL TERM
Topical term or geographic name as entry element Hindi satire--Prime essay
942 ## - ADDED ENTRY ELEMENTS (KOHA)
Source of classification or shelving scheme Dewey Decimal Classification
Item type Hindi Books
Classification part 827
Call number suffix जैनशि
Holdings
Withdrawn status Lost status Not for loan Home library Current library Date acquired Source of acquisition Cost, normal purchase price Full call number Barcode Copy number Cost, replacement price Koha item type Collection code
      Central Library Central Library 30/09/2015 Cen Lib/Ret 125.00 827 जैनशि B-188084 1 125.00 Hindi Books  
      Patel Nagar Patel Nagar 08/08/2018 BPPD/PUB 125.00 827 जैनशि B-188089   125.00 Hindi Books  
      R.C.Libraries (zls) R.C.Libraries (zls) 05/11/2018   125.00 827 जैनशि B-188117   125.00 Hindi Books Non-fiction
    Ordered Sarojini Nagar Sarojini Nagar 01/02/2017     827 जैनशि B-188095 1 125.00 Hindi Books Non-fiction
      Sarojini Nagar Sarojini Nagar 22/10/2021   125.00 827 जैनशि b-188118     Hindi Books Non-fiction

© Delhi Public Library
Hit Counter
free hit counter